[Event "Detroit (MCO/Ch/6/5)"]
[Site "?"]
[Date "1994.??.??"]
[Round "?"]
[White "Chow, A."]
[Black "Everett, Morgan"]
[Result "1-0"]
[WhiteElo "2145"]
[BlackElo "2150"]
[PlyCount "79"]
[EventDate "1994.??.??"]

{6/(5)} 1. e4 e5 2. f4 exf4 3. Nf3 d5 4. exd5 Nf6 5. Bb5+ c6 6. dxc6 bxc6 7.
Bc4 Bd6 8. Qe2+ Kf8 9. Nc3 Bg4 10. d4 Nbd7 11. O-O Qc7 12. Qf2 Re8 13. Ng5 Nb6
14. Bb3 Nbd5 15. Bxd5 cxd5 16. Bxf4 Bxf4 17. Qxf4 Qxf4 18. Rxf4 h6 19. Nf3 Rb8
20. Ne5 Be6 21. Na4 Kg8 22. b3 Kh7 23. Nc5 Rhc8 24. Raf1 Rb6 25. h3 Rc7 26. g4
Kg8 27. R1f2 Rd6 28. Kh2 Re7 29. Re2 Bc8 30. Rff2 Re8 31. c3 Be6 32. Ned3 Rdd8
33. Kg2 Bc8 34. Rxe8+ Rxe8 35. Ne5 Re7 36. Kf3 Ne8 37. Re2 Nd6 38. Nc6 Rc7 39.
Ne7+ Kf8 40. Nxd5 1-0

[Event "Detroit (MCO/Ch/2b/3)"]
[Site "?"]
[Date "1994.??.??"]
[Round "?"]
[White "Chow, A."]
[Black "Bell, A."]
[Result "1-0"]
[WhiteElo "2415"]
[BlackElo "1755"]
[PlyCount "95"]
[EventDate "1994.??.??"]

1. d4 Nf6 2. c4 g6 3. Nc3 d5 4. cxd5 Nxd5 5. e4 Nxc3 6. bxc3 Bg7 7. Bc4 c5 8.
Ne2 Nc6 9. Be3 O-O 10. O-O Qc7 11. Rc1 Rd8 12. f4 Bg4 13. f5 gxf5 14. Bxf7+
Kxf7 15. Qb3+ Kf8 16. Nf4 Qb6 17. h3 cxd4 18. cxd4 Qxb3 19. axb3 Be2 20. Nxe2
Nxd4 21. Nxd4 Bxd4 22. Rxf5+ Kg8 23. Bxd4 Rxd4 24. e5 Rad8 25. Kh2 R4d5 26.
Rcf1 e6 27. Rg5+ Kh8 28. Rf6 Re8 29. Rf7 Rg8 30. Rxg8+ Kxg8 31. Rxb7 Rxe5 32.
Rxa7 Rb5 33. Ra3 Kf7 34. Kg3 Kg6 35. Kf4 Kf6 36. Ke4 Rb4+ 37. Kd3 h5 38. Kc3
Rf4 39. Ra2 Ke7 40. Rd2 e5 41. b4 e4 42. Rd4 Ke6 43. b5 Ke5 44. b6 Rf7 45. Rb4
Rb7 46. Kd2 Kd5 47. Ke3 Kc5 48. Rb2 1-0

[Event "Eastpointe (MI Action/4/25)"]
[Site "?"]
[Date "1994.??.??"]
[Round "?"]
[White "Choate, Eric"]
[Black "Wood, C."]
[Result "1-0"]
[WhiteElo "1605"]
[BlackElo "1605"]
[PlyCount "21"]
[EventDate "1994.??.??"]

{4/(25)} 1. e4 e5 2. Bc4 Nf6 3. Nf3 Nxe4 4. Nxe5 Qe7 5. d3 Qxe5 6. dxe4 Qxe4+
7. Be3 Qxc4 8. Na3 Qe6 9. Nb5 Bc5 10. Nxc7+ Kd8 11. Nxe6+ 1-0

[Event "Detroit (Beg/3/7)"]
[Site "?"]
[Date "1994.??.??"]
[Round "?"]
[White "Choate, Eric"]
[Black "Wagoner, M."]
[Result "0-1"]
[WhiteElo "1605"]
[BlackElo "1605"]
[PlyCount "96"]
[EventDate "1994.??.??"]

{3/(7)} 1. e4 e5 2. Nf3 Nc6 3. Bc4 Bc5 4. d3 Nf6 5. Bg5 O-O 6. O-O d6 7. Bxf6
Qxf6 8. Nc3 Bg4 9. Nd5 Qe6 10. Nxc7 Qe7 11. Nxa8 Rxa8 12. h3 Bxf3 13. Qxf3 Nd4
14. Qg4 Nxc2 15. Rac1 Nb4 16. Rc3 Nxa2 17. Bxa2 g6 18. Bd5 Bd4 19. Bb3 Bxc3 20.
Rc1 Bxb2 21. Rb1 Bd4 22. Rc1 Qf6 23. Qd7 Bxf2+ 24. Kh1 Rd8 25. Qc7 Bb6 26. Qxb7
Bd4 27. Qxa7 Bxa7 28. Rc7 Bb8 29. Rb7 h5 30. g4 Qf1+ 31. Kh2 Qxd3 32. Bd5 Qe2+
33. Kg3 Qe1+ 34. Kf3 Qf1+ 35. Ke3 Qxh3+ 36. Kf2 Qxg4 37. Bxf7+ Kh7 38. Be6+ Kh6
39. Bxg4 hxg4 40. Kg3 Kh5 41. Rh7+ Kg5 42. Rh4 Rf8 43. Rxg4+ Kh6 44. Rh4+ Kg7
45. Rg4 Ba7 46. Rg5 Be3 47. Rg4 Bf4+ 48. Kh4 Rh8# 0-1

[Event "Eastpointe (MI Action/2/18)"]
[Site "?"]
[Date "1994.??.??"]
[Round "?"]
[White "Choate, Eric"]
[Black "Smith, F."]
[Result "0-1"]
[WhiteElo "1605"]
[BlackElo "1605"]
[PlyCount "60"]
[EventDate "1994.??.??"]

{2/(18)} 1. e4 e5 2. Nf3 d6 3. Bc4 Bg4 4. h3 Bh5 5. g4 Bg6 6. d3 Nf6 7. Ng5 Be7
8. Nc3 O-O 9. Nf3 Nc6 10. Bg5 a6 11. Bxf6 Bxf6 12. Qe2 b5 13. Bd5 Qd7 14. O-O-O
Rab8 15. Nh4 Bxh4 16. Qf3 Nd4 17. Qe3 Qe7 18. Qf4 exf4 19. Rhf1 a5 20. Nb1 f3
21. Bb3 a4 22. Bd5 Ne2+ 23. Kd2 c5 24. Bc6 c4 25. Nc3 cxd3 26. cxd3 Bg5+ 27.
Ke1 Nxc3 28. bxc3 Rbc8 29. Bxb5 Rxc3 30. d4 Qxe4+ 0-1

[Event "Detroit (MOR/3/61)"]
[Site "?"]
[Date "1994.??.??"]
[Round "?"]
[White "Choate, Eric"]
[Black "Simmons, P."]
[Result "0-1"]
[WhiteElo "1605"]
[BlackElo "1605"]
[PlyCount "82"]
[EventDate "1994.??.??"]

{3/(61)} 1. e4 d5 2. Nc3 d4 3. Nb5 e5 4. Bc4 a6 5. Na3 Bxa3 6. bxa3 Nc6 7. Qf3
Nf6 8. d3 b5 9. Bd5 Qd6 10. Bxc6+ Qxc6 11. Nh3 Qxc2 12. O-O Bg4 13. Qg3 O-O 14.
Bg5 Bxh3 15. Bxf6 g6 16. Qg5 Qc6 17. Rac1 Qe6 18. Rc5 Qg4 19. g3 Qxg5 20. Bxg5
Bxf1 21. Kxf1 Rfc8 22. Rxe5 Kg7 23. h4 c5 24. Be7 c4 25. dxc4 bxc4 26. Rd5 c3
27. a4 c2 28. Ba3 c1=Q+ 29. Bxc1 Rxc1+ 30. Kg2 Rc2 31. Rxd4 Re8 32. Rd6 Rxe4
33. Rxa6 Rxa2 34. a5 Rea4 35. Rd6 Rxa5 36. Kf3 R5a3+ 37. Kg4 Rxf2 38. h5 gxh5+
39. Kxh5 Rxg3 40. Kh4 Rg6 41. Rd4 Rh2# 0-1

[Event "Detroit (MOR/7/57)"]
[Site "?"]
[Date "1994.??.??"]
[Round "?"]
[White "Choate, Eric"]
[Black "Radway, J."]
[Result "0-1"]
[WhiteElo "1605"]
[BlackElo "1605"]
[PlyCount "31"]
[EventDate "1994.??.??"]

{7/(57)} 1. e4 d5 2. Nc3 e6 3. Nf3 h6 4. Ne5 Qh4 5. Qf3 f5 6. exf5 Nf6 7. Qd3
Bc5 8. Qb5+ Nbd7 9. Nd3 O-O 10. g3 Qg4 11. Be2 Qxf5 12. O-O Qh3 13. Nf4 Qf5 14.
d3 e5 15. Nfxd5 Rf7 16. Nxf6+ {[Remainder illegible; 0-1, 50?]} 0-1

[Event "Eastpointe (MI Action/5/20)"]
[Site "?"]
[Date "1994.??.??"]
[Round "?"]
[White "Choate, Eric"]
[Black "McMahan, M."]
[Result "0-1"]
[WhiteElo "1605"]
[BlackElo "1605"]
[PlyCount "60"]
[EventDate "1994.??.??"]

{5/(20)} 1. e4 e5 2. Bc4 Nf6 3. Nf3 Nxe4 4. Nxe5 Qe7 5. Ng4 Nc3+ 6. Qe2 Nxe2 7.
Bxe2 Nc6 8. Nc3 Nd4 9. Ne3 Nxe2 10. Nxe2 b6 11. O-O Bb7 12. Nf5 Qxe2 13. Ng3
Qg4 14. h3 Qg6 15. Re1+ Be7 16. d3 Qf6 17. Ne4 Bxe4 18. Rxe4 O-O 19. Bf4 Bd6
20. Bd2 Rfe8 21. Rae1 Rxe4 22. Rxe4 Kf8 23. Ra4 Bc5 24. b4 Qxf2+ 25. Kh1 Qf1+
26. Kh2 Bd6+ 27. Bf4 Bxf4+ 28. g3 Qf2+ 29. Kh1 Qxg3 30. b5 Qh2# 0-1

[Event "Detroit (Beg/1/11)"]
[Site "?"]
[Date "1994.??.??"]
[Round "?"]
[White "Choate, Eric"]
[Black "Dangremond, J."]
[Result "1-0"]
[WhiteElo "1605"]
[BlackElo "1605"]
[PlyCount "20"]
[EventDate "1994.??.??"]

{1/(11)} 1. e4 e5 2. Bc4 Bc5 3. Qf3 Nf6 4. Nh3 Nc6 5. d3 d6 6. Bg5 h6 7. Bxf6
gxf6 8. Qh5 Be6 9. Bxe6 Bb4+ 10. c3 Ba5 1-0

[Event "Detroit (Beg/5/12)"]
[Site "?"]
[Date "1994.??.??"]
[Round "?"]
[White "Choate, Eric"]
[Black "Brem, E."]
[Result "1-0"]
[WhiteElo "1605"]
[BlackElo "1605"]
[PlyCount "29"]
[EventDate "1994.??.??"]

{5/(12)} 1. e4 e5 2. Bc4 Nf6 3. Nf3 Nxe4 4. Nxe5 Bd6 5. Nxf7 Qe7 6. Nxh8 Nf6+
7. Be2 b6 8. d3 Bb7 9. Bg5 Nc6 10. Nc3 O-O-O 11. O-O h6 12. Bd2 g6 13. Nxg6 Qg7
14. Nh4 Na5 15. d4 {[Remainder illegible; 1-0, 26?]} 1-0

[Event "Detroit (MOR/6/65)"]
[Site "?"]
[Date "1994.??.??"]
[Round "?"]
[White "Choate, Eric"]
[Black "Abdul-Mujeeb, N."]
[Result "0-1"]
[WhiteElo "1605"]
[BlackElo "1605"]
[PlyCount "56"]
[EventDate "1994.??.??"]

{6/(65)} 1. e4 c5 2. Bc4 d6 3. Nf3 Nc6 4. Ng5 e6 5. Qf3 Qxg5 6. O-O Bd7 7. d4
Qf6 8. Qc3 Qxd4 9. Qb3 Na5 10. Qg3 Nxc4 11. Nc3 Qe5 12. Qh4 Be7 13. Qg4 h5 14.
Qf3 g6 15. h4 a6 16. Ne2 Qg7 17. Qb3 b5 18. a4 Na5 19. Qd3 c4 20. Qa3 d5 21.
Qe3 Nb7 22. axb5 Bc5 23. Qf4 e5 24. Qg5 Qf6 25. Qd2 d4 26. c3 d3 27. Ng3 Ne7
28. b4 cxb3 {[Remainder illegible; 0-1, 43?]} 0-1

[Event "Detroit (Beg/5/8)"]
[Site "?"]
[Date "1994.??.??"]
[Round "?"]
[White "Choate, Dan"]
[Black "Wagoner, M."]
[Result "1-0"]
[WhiteElo "1605"]
[BlackElo "1605"]
[PlyCount "33"]
[EventDate "1994.??.??"]

{5/(8)} 1. e4 e5 2. Nf3 Nc6 3. Bb5 Bb4 4. c3 a6 5. Bxc6 bxc6 6. cxb4 Nf6 7. Nc3
O-O 8. Nxe5 d6 9. Nxc6 Qd7 10. Nd4 Bb7 11. d3 d5 12. e5 Ng4 13. Qf3 Nxe5 14.
Qf5 Qd6 15. O-O g6 16. Qh3 h5 17. Bf4 {[Black now played the illegal 17...g4.
1-0, 22?]} 1-0

[Event "Detroit (MOR/2/57)"]
[Site "?"]
[Date "1994.??.??"]
[Round "?"]
[White "Choate, Dan"]
[Black "Troupe, D."]
[Result "0-1"]
[WhiteElo "1605"]
[BlackElo "1605"]
[PlyCount "58"]
[EventDate "1994.??.??"]

{2/(57)} 1. e4 e5 2. Nf3 Nc6 3. a3 a6 4. Nc3 Nf6 5. d4 exd4 6. Nxd4 Nxd4 7.
Qxd4 h6 8. Be2 d6 9. O-O Be7 10. Rd1 O-O 11. e5 dxe5 12. Qxe5 Bd6 13. Qe3 Bd7
14. Bf3 Bg4 15. Bxg4 Nxg4 16. Qf4 Bxf4 17. Rxd8 Bxh2+ 18. Kh1 Nxf2+ 19. Kxh2
Raxd8 20. Bf4 c6 21. Be3 Ng4+ 22. Kg3 Nxe3 23. Rc1 Rd2 24. Rg1 Nxc2 25. Ne4 Rd4
26. Nf2 Re8 27. Kh2 Rh4+ 28. Kg3 g5 29. Kf3 Re3# 0-1

[Event "Detroit (MOR/4/70)"]
[Site "?"]
[Date "1994.??.??"]
[Round "?"]
[White "Choate, Dan"]
[Black "Paul, Dennis"]
[Result "1-0"]
[WhiteElo "1605"]
[BlackElo "1605"]
[PlyCount "55"]
[EventDate "1994.??.??"]

{4/(70)} 1. e4 e5 2. Nf3 Nc6 3. d4 d6 4. Bb5 Bd7 5. O-O Nf6 6. Bg5 h6 7. Bxf6
Qxf6 8. Nc3 exd4 9. Nd5 Qg6 10. Nxc7+ Kd8 11. Nxa8 Bh3 12. g3 Ne5 13. Nxe5 dxe5
14. Re1 Bd6 15. c3 Ke7 16. cxd4 Rxa8 17. dxe5 Bxe5 18. Qd5 Kf6 19. f4 Be6 20.
Qxe5+ Ke7 21. f5 f6 22. Qc5+ Kf7 23. fxg6+ Kxg6 24. e5 Rc8 25. Qxa7 Bd5 26. e6
Rc2 27. Bd3+ f5 28. Bxc2 1-0

[Event "Detroit (MOR/5/60)"]
[Site "?"]
[Date "1994.??.??"]
[Round "?"]
[White "Choate, Dan"]
[Black "Melton, J."]
[Result "0-1"]
[WhiteElo "1605"]
[BlackElo "1605"]
[PlyCount "100"]
[EventDate "1994.??.??"]

{5/(60)} 1. e4 e5 2. Nf3 Nc6 3. d4 d6 4. Bb5 Bd7 5. Nc3 a6 6. Bxc6 Bxc6 7. dxe5
f6 8. exd6 Bxd6 9. O-O Ne7 10. Nd4 Qd7 11. Re1 O-O-O 12. h3 Be5 13. Nxc6 Qxc6
14. Qg4+ Kb8 15. Re3 g6 16. f4 Bd4 17. f5 h5 18. Qf3 gxf5 19. exf5 Qxf3 20.
gxf3 Nxf5 21. Kf2 Rde8 22. Ne4 Nxe3 23. Bxe3 Bxe3+ 24. Kxe3 f5 25. Rg1 fxe4 26.
fxe4 Kc8 27. Rg5 Rh6 28. e5 h4 29. Ke4 b5 30. Kf5 Kb7 31. Rg4 Rhe6 32. Re4 Kc6
33. c4 Kc5 34. b3 c6 35. a3 a5 36. a4 bxa4 37. bxa4 Kb4 38. c5+ Kxc5 39. Rxh4
Rxe5+ 40. Kf4 Re4+ 41. Kg3 Rxh4 42. Kxh4 Kb4 43. Kg4 Kxa4 44. h4 c5 45. h5 c4
46. h6 c3 47. Kh5 c2 48. h7 c1=Q 49. Kg6 Qc7 50. Kh6 Rh8 0-1

[Event "Detroit (Beg/2/1)"]
[Site "?"]
[Date "1994.??.??"]
[Round "?"]
[White "Choate, Dan"]
[Black "Mack, Do"]
[Result "0-1"]
[WhiteElo "1605"]
[BlackElo "1605"]
[PlyCount "76"]
[EventDate "1994.??.??"]

{2/(1)} 1. e4 e5 2. Nf3 Nc6 3. a3 Nf6 4. Nc3 g6 5. d4 d6 6. d5 Ne7 7. h3 Bg7 8.
Bg5 O-O 9. Bxf6 Bxf6 10. g4 Bg7 11. b4 b6 12. b5 a6 13. a4 axb5 14. Nxb5 Bd7
15. c4 Bxb5 16. cxb5 Rb8 17. h4 Ra8 18. g5 Ra7 19. h5 gxh5 20. Rxh5 Ng6 21. Qd2
Nf4 22. Rh4 Ng6 23. Rh5 Qa8 24. Qc2 Rb7 25. Be2 Qa5+ 26. Kf1 f6 27. Qc6 Ra7 28.
Qc4 fxg5 29. Nxg5 h6 30. Ne6 Raa8 31. Nxf8 Kxf8 32. Rf5+ Kg8 33. Qc6 Rf8 34.
Qxc7 Rxf5 35. exf5 Nf4 36. Qxd6 Qc3 37. Re1 Qh3+ 38. Kg1 Qg2# 0-1

[Event "Detroit (MCO/DEU/5/15)"]
[Site "?"]
[Date "1994.??.??"]
[Round "?"]
[White "Chisholm, D."]
[Black "Sturgis, Derreck"]
[Result "0-1"]
[WhiteElo "1605"]
[BlackElo "1605"]
[PlyCount "114"]
[EventDate "1994.??.??"]

{5/(15)} 1. e4 c5 2. Nf3 Nc6 3. c4 d6 4. Nc3 Nf6 5. Be2 e6 6. d3 d5 7. cxd5
exd5 8. exd5 Nxd5 9. O-O Be7 10. d4 cxd4 11. Nxd4 Nxd4 12. Qxd4 Nxc3 13. Qxc3
O-O 14. Be3 Bf6 15. Qb4 a5 16. Qd2 Qxd2 17. Bxd2 Bxb2 18. Rab1 Re8 19. Rfe1 Ba3
20. Bb5 Rd8 21. Re8+ Rxe8 22. Bxe8 Ra6 23. Re1 Be6 24. Bb5 Rb6 25. Bc4 Bb4 26.
Bxb4 axb4 27. h3 Kf8 28. Bxe6 Rxe6 29. Rxe6 fxe6 30. h4 Ke7 31. Kf1 Kd6 32. Ke2
Kc5 33. Kd2 Kc4 34. g4 b3 35. axb3+ Kxb3 36. Ke3 Kc4 37. g5 b5 38. Kd2 b4 39.
Kc2 b3+ 40. Kb2 Kb4 41. f4 Kc4 42. h5 Kb4 43. Kb1 Kc3 44. Kc1 Kd3 45. Kb2 Kc4
46. Kb1 Kd4 47. Kb2 Ke4 48. Kxb3 Kxf4 49. Kc4 e5 50. g6 hxg6 51. hxg6 e4 52.
Kd5 e3 53. Ke6 e2 54. Kf7 e1=Q 55. Kxg7 Qa1+ 56. Kh6 Qh1+ 57. Kg7 Kg5 0-1

[Event "Romulus (RVO/2/26)"]
[Site "?"]
[Date "1994.??.??"]
[Round "?"]
[White "Chisholm, D."]
[Black "Rosebrook, G."]
[Result "0-1"]
[WhiteElo "1605"]
[BlackElo "1605"]
[PlyCount "80"]
[EventDate "1994.??.??"]

{2/(26)} 1. e4 c5 2. c4 g6 3. Nf3 Nf6 4. d3 Bg7 5. Be2 Nc6 6. O-O d6 7. Nc3 Bg4
8. Bf4 Bxf3 9. Bxf3 Nd4 10. e5 dxe5 11. Bxe5 Qd7 12. Bxd4 cxd4 13. Nb1 Rd8 14.
Nd2 O-O 15. Ne4 Nxe4 16. Bxe4 Bh6 17. Qf3 Rb8 18. Qg3 Bg7 19. Rfe1 e6 20. Bf3
Bf6 21. Bg4 Qe7 22. Re4 b5 23. b3 bxc4 24. bxc4 Qa3 25. h3 Rb2 26. Re2 Rxe2 27.
Bxe2 Qb2 28. Re1 Qxa2 29. Qd6 Qa5 30. Kf1 Rc8 31. Bg4 Rd8 32. Ra1 Qxa1+ 33. Ke2
Rxd6 34. c5 Qa2+ 35. Kf3 Qd5+ 36. Kg3 Qxc5 37. Kh2 Qc2 38. g3 Qxf2+ 39. Kh1 Rb6
40. h4 Rb1+ 0-1

[Event "Detroit (MCO/DEU/2a/8)"]
[Site "?"]
[Date "1994.??.??"]
[Round "?"]
[White "Chisholm, D."]
[Black "Juergensen, F."]
[Result "0-1"]
[WhiteElo "1605"]
[BlackElo "1605"]
[PlyCount "96"]
[EventDate "1994.??.??"]

1. e4 e6 2. Nf3 Nf6 3. Nc3 b6 4. Bc4 Bb7 5. d3 Bb4 6. Bd2 c6 7. O-O d5 8. exd5
cxd5 9. Bb3 Bc6 10. d4 Bd6 11. Qe2 O-O 12. Ba4 Ne4 13. Bxc6 Nxc3 14. Bxc3 Nxc6
15. Qe3 Qc7 16. Ne5 Rac8 17. Nxc6 Bxh2+ 18. Kh1 Bf4 19. Ne7+ Qxe7 20. Qxf4 b5
21. Rac1 Rc4 22. Qe3 Qh4+ 23. Kg1 Re8 24. b3 Rc6 25. Bd2 Qh5 26. Qg5 Qxg5 27.
Bxg5 e5 28. Rfe1 e4 29. c3 h6 30. Bf4 Rf6 31. g3 Rf5 32. Kg2 Kf8 33. c4 g5 34.
g4 Rxf4 35. f3 exf3+ 36. Kg3 f2 37. Rf1 Re3+ 38. Kg2 h5 39. c5 h4 40. Kh2 Rg3
41. c6 Rff3 42. Rxf2 Rxf2+ 43. Kh1 h3 44. c7 Rgg2 45. c8=Q+ Kg7 46. Qb7 Rh2+
47. Kg1 Rfg2+ 48. Kf1 Rh1# 0-1

[Event "Detroit (MI Op/7/24)"]
[Site "?"]
[Date "1994.??.??"]
[Round "?"]
[White "Chehayeb, Sal"]
[Black "Wisckol, Richard"]
[Result "1-0"]
[WhiteElo "2015"]
[BlackElo "1895"]
[PlyCount "119"]
[EventDate "1994.??.??"]

{7/(24)} 1. e4 c5 2. Nf3 Nc6 3. d4 cxd4 4. Nxd4 g6 5. c4 Bg7 6. Be3 Nf6 7. Nc3
O-O 8. Be2 d6 9. O-O Bd7 10. Kh1 Nxd4 11. Bxd4 Bc6 12. f3 Nd7 13. Bxg7 Kxg7 14.
Qd2 Nf6 15. Rad1 a6 16. Qe3 Qa5 17. Nd5 Bxd5 18. exd5 Rfe8 19. a3 e6 20. b4 Qa4
21. dxe6 Rxe6 22. Qd3 Rae8 23. Rf2 Qc6 24. Bf1 Qb6 25. Qd4 Qxd4 26. Rxd4 Rc8
27. g3 Ne8 28. Bh3 Re1+ 29. Kg2 Rc7 30. f4 Re3 31. Ra2 Kf8 32. Kf2 Rc3 33. Bf1
Re7 34. Bd3 b6 35. f5 Re5 36. fxg6 fxg6 37. Rf4+ Ke7 38. Rf3 Nf6 39. h3 Nd7 40.
Be2 Rxf3+ 41. Bxf3 Rf5 42. Kg2 Ne5 43. Re2 Kf6 44. Bd5 Ke7 45. a4 Kd7 46. a5
bxa5 47. bxa5 h6 48. Rb2 Nxc4 49. Bxc4 Rxa5 50. Rb7+ Kc6 51. Rh7 h5 52. Rh6 Kc5
53. Be2 Ra2 54. Kf2 a5 55. Rxg6 a4 56. Rg5+ d5 57. Rxh5 a3 58. Rh8 d4 59. Rc8+
Kb4 60. Rb8+ {[Remainder illegible; 1-0, 65?]} 1-0

[Event "Detroit (MI Op/4/21)"]
[Site "?"]
[Date "1994.??.??"]
[Round "?"]
[White "Chehayeb, Sal"]
[Black "Williams, Ron"]
[Result "1-0"]
[WhiteElo "2015"]
[BlackElo "1870"]
[PlyCount "104"]
[EventDate "1994.??.??"]

{4/(21)} 1. e4 c5 2. Nf3 Nc6 3. d4 cxd4 4. Nxd4 e6 5. Be2 a6 6. O-O Qc7 7. c4
Nge7 8. Nc3 Nxd4 9. Qxd4 Nc6 10. Qd1 Be7 11. Be3 Rb8 12. f4 O-O 13. Qe1 Nd8 14.
f5 Bc5 15. Qf2 Bxe3 16. Qxe3 f6 17. Rad1 Nf7 18. b3 b6 19. Kh1 Bb7 20. Rf4 Rfd8
21. Rg4 Qc5 22. Qg3 Qf8 23. Rf1 exf5 24. exf5 Re8 25. Rd1 d6 26. Rgd4 Re5 27.
Bf3 Bxf3 28. Qxf3 Qe8 29. Qf2 Qc6 30. Nd5 Rbe8 31. h3 b5 32. Qg3 Rxf5 33. Rg4
g5 34. Qd3 Qd7 35. Rf1 Rxd5 36. Qxd5 Qe6 37. Qxe6 Rxe6 38. cxb5 axb5 39. Rb4
Re5 40. Rxf6 Kg7 41. Rf2 Kf8 42. a4 bxa4 43. Rb8+ Re8 44. Rxe8+ Kxe8 45. bxa4
Ne5 46. Rf6 Ke7 47. Rh6 d5 48. Rxh7+ Kd6 49. Kg1 d4 50. Rg7 g4 51. hxg4 d3 52.
Kf1 Nc4 1-0

[Event "Romulus (RVO/3/1)"]
[Site "?"]
[Date "1994.??.??"]
[Round "?"]
[White "Chehayeb, Sal"]
[Black "Tsemekhman, Vadim"]
[Result "0-1"]
[WhiteElo "2025"]
[BlackElo "2470"]
[PlyCount "76"]
[EventDate "1994.??.??"]

{3/(1)} 1. e4 e6 2. d4 d5 3. exd5 exd5 4. c4 Nf6 5. Nc3 Be7 6. Nf3 O-O 7. Be2
Nc6 8. O-O Bg4 9. h3 Bxf3 10. Bxf3 dxc4 11. Bf4 Nxd4 12. Bxb7 Rb8 13. Ba6 Rxb2
14. Bxc4 Rb4 15. Bd3 Ne6 16. Be3 Bc5 17. Qe2 Bxe3 18. Qxe3 c5 19. Rfd1 Nd4 20.
a3 Rb6 21. Na4 Re6 22. Qg5 Qa5 23. Nxc5 h6 24. Nxe6 hxg5 25. Nxd4 g6 26. Bf1
Rc8 27. Rd3 Ne4 28. Nb3 Qb6 29. Ra2 Rc3 30. Rb2 Rxd3 31. Bxd3 Nxf2 32. Rxf2
Qxb3 33. Bf1 Qxa3 34. Rf3 Qc5+ 35. Kh2 a5 36. Bd3 a4 37. Bb1 Qd6+ 38. Kg1 Qb6+
0-1

[Event "Romulus (RVO/1/8)"]
[Site "?"]
[Date "1994.??.??"]
[Round "?"]
[White "Chehayeb, Sal"]
[Black "Troupe, D."]
[Result "1-0"]
[WhiteElo "2025"]
[BlackElo "1605"]
[PlyCount "42"]
[EventDate "1994.??.??"]

{1/(8)} 1. e4 e5 2. Nf3 Nc6 3. d4 exd4 4. Bc4 h6 5. O-O Bc5 6. c3 dxc3 7. Bxf7+
Ke7 8. Bd5 Nf6 9. Nh4 d6 10. Ng6+ Kd7 11. Nxh8 Qxh8 12. Nxc3 Ne5 13. b4 Bb6 14.
Bf4 Nxd5 15. Nxd5 g5 16. Bg3 c6 17. Nxb6+ axb6 18. Qb3 Ke7 19. f4 Be6 20. Qd1
Nc4 21. f5 Ne3 1-0

[Event "Eastpointe (EDO/5/8)"]
[Site "?"]
[Date "1994.??.??"]
[Round "?"]
[White "Chehayeb, Sal"]
[Black "Thurman, John"]
[Result "1-0"]
[WhiteElo "2015"]
[BlackElo "1785"]
[PlyCount "39"]
[EventDate "1994.??.??"]

{5/(8)} 1. e4 e5 2. Nf3 Nc6 3. Bc4 Bc5 4. d4 Bxd4 5. c3 Bc5 6. b4 Bd6 7. Qb3
Qf6 8. Bg5 Qg6 9. O-O Nf6 10. Nbd2 O-O 11. Rfe1 Nd8 12. Nf1 Ne6 13. Bxf6 gxf6
14. Nh4 Qg5 15. Nf5 Nf4 16. N1g3 h5 17. h4 Qg6 18. Rad1 b6 19. Rxd6 cxd6 20.
Ne7+ 1-0

[Event "Detroit (MI Op/1a/24)"]
[Site "?"]
[Date "1994.??.??"]
[Round "?"]
[White "Chehayeb, Sal"]
[Black "Smith, Daryn"]
[Result "1-0"]
[WhiteElo "2015"]
[BlackElo "1815"]
[PlyCount "93"]
[EventDate "1994.??.??"]

1. e4 e6 2. d4 d5 3. Nc3 Nf6 4. e5 Nfd7 5. f4 c5 6. Nf3 Nc6 7. Be3 Qb6 8. Rb1
cxd4 9. Nxd4 Bc5 10. Nce2 O-O 11. c3 Re8 12. b4 Bf8 13. Ng3 f6 14. Bd3 Qd8 15.
exf6 Nxf6 16. O-O e5 17. fxe5 Nxe5 18. Bc2 Nc4 19. Bc1 Ne3 20. Bxe3 Rxe3 21.
Qd2 Re8 22. Bb3 Kh8 23. Rbe1 Rxe1 24. Rxe1 Bd7 25. Nf3 Qb6+ 26. Qe3 Qxe3+ 27.
Rxe3 Bc6 28. Nd4 a6 29. a4 Re8 30. Rxe8 Bxe8 31. Ne6 Kg8 32. Nxf8 Kxf8 33. h3
g6 34. Kf2 Ke7 35. Ke3 Kd6 36. Kd4 b6 37. Ne2 Bf7 38. g4 g5 39. Bc2 h6 40. Ng3
Be6 41. Bf5 a5 42. Bxe6 Kxe6 43. Nf5 axb4 44. cxb4 Ng8 45. a5 bxa5 46. bxa5 Ne7
47. Nxe7 1-0

[Event "Eastpointe (EDO/3/8)"]
[Site "?"]
[Date "1994.??.??"]
[Round "?"]
[White "Chehayeb, Sal"]
[Black "Rutkofske, Lonnie"]
[Result "1-0"]
[WhiteElo "2015"]
[BlackElo "1980"]
[PlyCount "71"]
[EventDate "1994.??.??"]

{3/(8)} 1. e4 e6 2. d4 d5 3. Nc3 Nf6 4. e5 Nfd7 5. Nce2 c5 6. c3 Nc6 7. f4 Be7
8. Nf3 O-O 9. Be3 f6 10. Qd2 cxd4 11. cxd4 Nb6 12. Nc3 Bd7 13. Be2 Nc4 14. Bxc4
dxc4 15. d5 exd5 16. Qxd5+ Kh8 17. e6 Nb4 18. Qxd7 Nc2+ 19. Ke2 Qa5 20. Qxe7
Nxe3 21. Kxe3 Qb6+ 22. Nd4 Rae8 23. Nd5 Qxb2 24. Rhb1 Qxg2 25. Rg1 Qh3+ 26. Rg3
Qh6 27. Qxb7 g5 28. f5 g4+ 29. Nf4 Rb8 30. Qg2 c3 31. Rxg4 Rb2 32. Qh3 Qxh3+
33. Nxh3 c2 34. Rc1 Rxa2 35. Nxc2 Rc8 36. Kd2 1-0

[Event "Detroit (MCO/Ch/2a/5)"]
[Site "?"]
[Date "1994.??.??"]
[Round "?"]
[White "Chehayeb, Sal"]
[Black "Miller, Jess"]
[Result "1-0"]
[WhiteElo "2025"]
[BlackElo "1605"]
[PlyCount "51"]
[EventDate "1994.??.??"]

1. e4 e6 2. d4 d5 3. exd5 exd5 4. c4 Qe7+ 5. Be3 Nf6 6. Nc3 Be6 7. Nf3 Nbd7 8.
c5 c6 9. Bd3 b6 10. b4 g6 11. O-O Bg7 12. Bf4 O-O 13. Bd6 Qd8 14. Bxf8 Qxf8 15.
Ng5 Bg4 16. f3 Be6 17. Re1 Re8 18. Qa4 Re7 19. Qxc6 Qe8 20. Nxe6 Rxe6 21. Rxe6
fxe6 22. Re1 Kf7 23. Bb5 h6 24. Qb7 bxc5 25. bxc5 a5 26. c6 1-0

[Event "Romulus (RVO/5/15)"]
[Site "?"]
[Date "1994.??.??"]
[Round "?"]
[White "Chehayeb, Sal"]
[Black "Matias, I.C."]
[Result "1-0"]
[WhiteElo "2025"]
[BlackElo "1645"]
[PlyCount "23"]
[EventDate "1994.??.??"]

{5/(15)} 1. e4 e6 2. d4 d5 3. Nc3 dxe4 4. Nxe4 Nf6 5. Nxf6+ Qxf6 6. Nf3 Qd8 7.
Bd3 Bd6 8. O-O b6 9. Re1 Bb7 10. Be3 Nd7 11. c4 c5 12. d5 {[Remainder
illegible; 1-0, 25?]} 1-0

[Event "Warren (Warmup"]
[Site "?"]
[Date "1994.??.??"]
[Round "?"]
[White "Chehayeb, Sal"]
[Black "Everett, Morgan"]
[Result "0-1"]
[WhiteElo "2025"]
[BlackElo "2150"]
[PlyCount "66"]
[EventDate "1994.??.??"]

1. e4 e5 2. Nf3 Nc6 3. d4 exd4 4. Bc4 Nf6 5. O-O Nxe4 6. Re1 d5 7. Bxd5 Qxd5 8.
Nc3 Qa5 9. Nxe4 Be6 10. Bg5 h6 11. Bh4 g5 12. Nf6+ Ke7 13. Nxd4 Nxd4 14. Qxd4
Rd8 15. Nd5+ Qxd5 16. Qxh8 gxh4 17. Qc3 h3 18. Qxc7+ Rd7 19. Qg3 Qxg2+ 20. Qxg2
hxg2 21. Re2 Kf6 22. Kxg2 Bd5+ 23. f3 Bc4 24. Re8 Rd2+ 25. Kg3 Bd6+ 26. f4 Rd4
27. b3 Bxf4+ 28. Kf2 Bb5 29. Ra8 Bc6 30. Rf1 Kg7 31. Rg1+ Bg5 32. Rxa7 Rd2+ 33.
Kg3 Be3 0-1

[Event "Detroit (MCO/Ch/3/4)"]
[Site "?"]
[Date "1994.??.??"]
[Round "?"]
[White "Chehayeb, Sal"]
[Black "Chow, A."]
[Result "0-1"]
[WhiteElo "2025"]
[BlackElo "2415"]
[PlyCount "58"]
[EventDate "1994.??.??"]

{3/(4)} 1. e4 c5 2. Nf3 e6 3. d4 cxd4 4. Nxd4 Nf6 5. Nc3 Nc6 6. Bc4 Qc7 7. Bb3
Bb4 8. O-O O-O 9. Re1 Nxd4 10. Qxd4 Bc5 11. Qd3 Ng4 12. Nd1 Qxh2+ 13. Kf1 Qh1+
14. Ke2 Qxg2 15. Rf1 Ne5 16. Qg3 Qxe4+ 17. Be3 b6 18. Rg1 Ba6+ 19. c4 Qd3+ 20.
Ke1 Bb4+ 21. Nc3 Bxc3+ 22. bxc3 Qxc3+ 23. Ke2 Bxc4+ 24. Bxc4 Qxc4+ 25. Ke1 Qc3+
26. Ke2 Qb2+ 27. Bd2 Nc4 28. Qxg7+ Qxg7 29. Bh6 Qg6 0-1